Sophie Jacquot, Cornelia Woll (dir.) (2004), Les usages de l’Europe. Acteurs et transformations européennes, L?Harmattan, collection « Logiques Politiques », 317 p. (notice n° 1631018)

détails MARC
000 -LEADER
fixed length control field 01330cam a2200157 4500500
005 - DATE AND TIME OF LATEST TRANSACTION
control field 20260111104659.0
041 ## - LANGUAGE CODE
Language code of text/sound track or separate title fre
042 ## - AUTHENTICATION CODE
Authentication code dc
100 10 - MAIN ENTRY--PERSONAL NAME
Personal name Clavier, Carole
Relator term author
245 00 - TITLE STATEMENT
Title Sophie Jacquot, Cornelia Woll (dir.) (2004), Les usages de l’Europe. Acteurs et transformations européennes, L?Harmattan, collection « Logiques Politiques », 317 p.
260 ## - PUBLICATION, DISTRIBUTION, ETC.
Date of publication, distribution, etc. 2005.<br/>
500 ## - GENERAL NOTE
General note 55
520 ## - SUMMARY, ETC.
Summary, etc. Au début des années 50, les gouvernements européens semblent prêts à faire des concessions importantes à ceux qui prônent une Fédération, afin de mieux résister aux pressions soviétiques. Parmi les propositions prises en considération, celle d’une Assemblée européenne semble la plus hardie, car elle touche au cœur de la souveraineté politique de chacun des Etats. Cet article cherche à étudier l’Union européenne des Fédéralistes comme dispensateur d’idées, agissant en une période propice face à des interlocuteurs en apparence enfin sensibilisés, tout en cherchant à comprendre comment et pourquoi l’Europe peut devenir, ou cesser d’être, un sujet fort d’actualité.
786 0# - DATA SOURCE ENTRY
Note Politique européenne | 15 | 1 | 2005-01-01 | p. 205a-214a | 1623-6297
856 41 - ELECTRONIC LOCATION AND ACCESS
Uniform Resource Identifier <a href="https://shs.cairn.info/revue-politique-europeenne-2005-1-page-205a?lang=fr&redirect-ssocas=7080">https://shs.cairn.info/revue-politique-europeenne-2005-1-page-205a?lang=fr&redirect-ssocas=7080</a>

Pas d'exemplaire disponible.

PLUDOC

PLUDOC est la plateforme unique et centralisée de gestion des bibliothèques physiques et numériques de Guinée administré par le CEDUST. Elle est la plus grande base de données de ressources documentaires pour les Étudiants, Enseignants chercheurs et Chercheurs de Guinée.

Adresse

627 919 101/664 919 101

25 boulevard du commerce
Kaloum, Conakry, Guinée

Réseaux sociaux

Powered by Netsen Group @ 2025